| 000 | 00515nam a2200169 i 4500 | ||
|---|---|---|---|
| 001 | 150818 | ||
| 003 | ES-MaACL | ||
| 005 | 20230906203719.0 | ||
| 007 | t| | ||
| 008 | 071113s1950 it ||||1| spa d | ||
| 100 | 1 |
_aBortolini, Memi. _930623 |
|
| 245 | 1 | 0 |
_aItalia / _c[Memi Bortolini ; traducción de Andrés Larrosa]. |
| 260 |
_aRoma : _bEnit, Ente Naz. Ital. Turismo, _c[1950?] |
||
| 300 |
_a47 p., 4 lám. : _bil. ; _c22 cm. |
||
| 700 | 1 |
_aLarrosa, Andrés. _970362 |
|
| 852 |
_aES-MaACL _j1866-F-14 _bR.34654 |
||
| 999 |
_c150818 _d150818 |
||